00398 a2200109 4500001001000000005001700010008004100027245007800068100002200146773010300168999001700271ART_3966220260410162012.0260409a 10aAnálisis del comportamiento de maestros noveles en educación física1 aGranda Vera, Juan0 tPropuestas para la sociedad, el gobierno y la produccióng- Año 5, Nº 9 (nov. 2001)wREV39547 c32290d32290